| 000 | 00991cam a2200313 i 4500 | ||
|---|---|---|---|
| 001 | 200454602 | ||
| 003 | TR-AnTOB | ||
| 005 | 20250718142244.0 | ||
| 007 | ta | ||
| 008 | 000829s1945 tu a 000 1 tur d | ||
| 040 |
_aTR-AnTOB _beng _erda _cTR-AnTOB |
||
| 041 | 0 | _atur | |
| 060 | 4 |
_aQS 4 _bB513 1945 |
|
| 096 |
_aQS4 _bB513 1945 |
||
| 100 | 1 |
_aBerkol, Nurettin Ali _eauthor _9143790 |
|
| 245 | 1 | 0 |
_aSistematik anatomi : _bhareket ve damar sistemleri / _cDr. Nurettin Ali Berkol, Dr. Zeki Zeren, Dr. Mehmet Ali Oya. |
| 250 | _aÜçüncü bası | ||
| 264 | 1 |
_aİstanbul : _bHüsnütabiat Basımevi, _c1945. |
|
| 300 |
_a631 pages : _billustrations ; _c24 cm |
||
| 336 |
_atext _btxt _2rdacontent |
||
| 337 |
_aunmediated _bn _2rdamedia |
||
| 338 |
_avolume _bnc _2rdacarrier |
||
| 505 | _av.1 : Hareket ve damar sistemleri. | ||
| 650 | 2 |
_aAnatomy _9104922 |
|
| 700 | 1 |
_aZeren, Zeki _eauthor _9143809 |
|
| 700 | 1 |
_aOya, Mehmet Ali _eauthor _9143792 |
|
| 942 |
_2NLM _cBK |
||
| 999 |
_c200454602 _d72814 |
||